Incorporación del Kunza al proceso de enseñanza-aprendizaje en las escuelas del sector atacameño, II región /

Bibliographic Details
Main Author: Lehnert Santander, Roberto
Format: Analitica de revista
Language:Spanish

MARC

LEADER 00000cab a2200000 a 4500
001 026209
003 UAHC_CL
005 20180808124151.0
008 051214b xx j 000 1 spa
952 |0 0  |1 0  |2 ddc  |4 0  |6 BOL___INVEST__EDUC_12_97_000000000000000  |7 0  |8 COMP  |9 52996  |a BC  |b BC  |c General  |d 2017-08-03  |l 0  |o BOL. INVEST. EDUC.-12/97  |r 2018-01-17 00:00:00  |w 2017-08-03  |y REVA 
999 |c 26209  |d 26209 
040 |a UAHC_CL  |c UAHC_CL  |d UAHC_CL 
100 1 |a Lehnert Santander, Roberto 
245 1 0 |a Incorporación del Kunza al proceso de enseñanza-aprendizaje en las escuelas del sector atacameño, II región /  |c Roberto Lehnert. 
500 |a Boletín de Investigación Educacional (Santiago) 1997. vol.12, p. 528-538 
773 0 |t Boletín de Investigación Educacional.  |w 025995 
900 |a BOL. INVEST. EDUC.-12/97 
942 |c REVA  |2 ddc